[Event "LiSB-ch Veterans"]
[Site "Stein"]
[Date "2000.12.02"]
[Round "4"]
[White "Van Gils, Maarten"]
[Black "Schreinemachers, Jo"]
[Result "1-0"]
[WhiteElo "1702"]
[BlackElo "1596"]
[PlyCount "55"]
[EventDate "2000.11.25"]
[EventType "swiss"]
[EventRounds "5"]
[EventCountry "NED"]
[SourceTitle "EXT 2013"]
[Source "ChessBase"]
[SourceDate "2012.11.22"]
[SourceVersion "1"]
[SourceVersionDate "2012.11.22"]
[SourceQuality "1"]

1. e4 c6 2. Ne2 d5 3. e5 c5 4. d4 Nc6 5. c3 e6 6. g3 Nge7 7. Bg2 Nf5 8. 0-0 Qb6 9. dxc5 Bxc5 10. b4 Be7 11. g4 Nh4 12. Be3 Qc7 13. f4 0-0 14. Nd2 b6 15. b5 Na5 16. Rf2 Bb7 17. Bd4 Nc4 18. Bf1 Nxd2 19. Qxd2 Rac8 20. f5 Bc5 21. Qg5 Qd8 22. f6 Ng6 23. h4 h6 24. Qe3 Nxh4 25. Rh2 Bxd4 26. cxd4 g5 27. Rxh4 gxh4 28. Qxh6 1-0

[Event "Venlo VSV 75 B3"]
[Site "Venlo"]
[Date "2000.08.25"]
[Round "1"]
[White "Van Gils, Maarten"]
[Black "Boskemper, Danny"]
[Result "0-1"]
[WhiteElo "1672"]
[BlackElo "1669"]
[PlyCount "114"]
[EventDate "2000.08.25"]
[EventType "tourn"]
[EventRounds "3"]
[EventCountry "NED"]
[SourceTitle "EXT 2013"]
[Source "ChessBase"]
[SourceDate "2012.11.22"]
[SourceVersion "1"]
[SourceVersionDate "2012.11.22"]
[SourceQuality "1"]

1. e4 d6 2. d4 Nf6 3. f3 g6 4. Bd3 Bg7 5. Ne2 0-0 6. c4 Nc6 7. Nbc3 e5 8. d5 Ne7 9. Be3 Ne8 10. g4 f5 11. gxf5 gxf5 12. Qd2 f4 13. Bf2 Bh3 14. Rg1 Ng6 15. 0-0-0 Kh8 16. Rxg6 hxg6 17. Ng1 Qd7 18. c5 dxc5 19. Bxc5 Nd6 20. Qf2 Bf6 21. Nxh3 Qxh3 22. Rg1 Rg8 23. Rg4 g5 24. Bf1 Qh7 25. Kb1 a6 26. Rg2 Qh4 27. Qe2 Rg7 28. Rg4 Qh5 29. Bxd6 cxd6 30. h3 Qe8 31. Qd2 Rc8 32. Rg1 b5 33. Bg2 b4 34. Ne2 Qa4 35. Nc1 Rgc7 36. Nd3 b3 37. axb3 Qxb3 38. Nb4 Rc5 39. Nc6 Bd8 40. Rc1 Rxc1+ 41. Qxc1 Bb6 42. h4 Qe3 43. Qf1 gxh4 44. Qxa6 Rg8 45. Bh3 Qxf3 46. Be6 h3 47. Bxh3 Qxh3 48. Qxb6 Qd3+ 49. Kc1 Qf1+ 50. Kc2 Rg2+ 51. Kb3 Qd1+ 52. Ka2 Qa4+ 53. Kb1 Qxe4+ 54. Ka1 Qa4+ 55. Kb1 Qc2+ 56. Ka1 Qd1+ 57. Ka2 Qxd5+ 0-1

[Event "LiSB-ch Veterans B"]
[Site "Heerlen"]
[Date "1999.11.20"]
[Round "2"]
[White "Van Gils, Maarten"]
[Black "Werts, Ruud"]
[Result "0-1"]
[WhiteElo "1689"]
[BlackElo "1492"]
[PlyCount "106"]
[EventDate "1999.11.20"]
[EventType "swiss"]
[EventRounds "5"]
[EventCountry "NED"]
[SourceTitle "EXT 2001"]
[Source "ChessBase"]
[SourceDate "2000.11.22"]
[SourceVersion "1"]
[SourceVersionDate "2000.11.22"]
[SourceQuality "1"]

1. d4 Nf6 2. c4 e6 3. g3 c5 4. Nf3 Be7 5. Bg2 Nc6 6. 0-0 cxd4 7. Nxd4 0-0 8. Nc3 a6 9. e4 Ne5 10. b3 Qa5 11. Bb2 Bb4 12. Nce2 Qd8 13. Nxe6 dxe6 14. Bxe5 Ng4 15. Bc3 Qa5 16. Bxb4 Qxb4 17. Nf4 Ne5 18. Qe2 Rd8 19. Rad1 Bd7 20. Nd3 Qa5 21. Nxe5 Qxe5 22. f4 Qc5+ 23. Qf2 Qc7 24. Rd2 b5 25. c5 b4 26. Rfd1 Bc6 27. Rd6 a5 28. Qd2 Re8 29. Qd4 Rac8 30. Rc1 Qb7 31. Rc2 Rc7 32. Rd8 Qa7 33. e5 Bb5 34. Rxe8+ Bxe8 35. Qd8 Kf8 36. Qd6+ Kg8 37. Kf1 Qb8 38. Be4 Qc8 39. c6 Qa6+ 40. Ke1 Qb6 41. Qc5 Qa6 42. Rd2 Qa8 43. Rd6 g6 44. g4 Kg7 45. h4 h6 46. h5 g5 47. f5 exf5 48. gxf5 a4 49. f6+ Kg8 50. e6 axb3 51. axb3 Qa1+ 52. Rd1 Qxf6 53. exf7+ Rxf7 0-1